000 00451nam a2200169Ia 4500
005 20250508163005.0
008 008 250505s9999 xx 000 0 eng d
037 _aPeriodicals
040 _aFEDL
_beng
_cFEDL
041 _aeng
_2eng
084 _qFEDL
245 0 _aIAPL and EI journal. Vol 1
245 0 _cIndian Association For Programmed Learning And Educational Innovation
260 _c1977
942 _cCR
999 _c1379938
_d1379938